Normal view
MARC view
Entry Personal Name
001 - CONTROL NUMBER
- control field: 3912
003 - CONTROL NUMBER IDENTIFIER
- control field: IIITDM
005 - DATE AND TIME OF LATEST TRANSACTION
- control field: 20260129170012.0
008 - FIXED-LENGTH DATA ELEMENTS
- fixed length control field: 260129|| aca||aabn | a|a d
040 ## - CATALOGING SOURCE
- Original cataloging agency: IIITDM
- Transcribing agency: IIITDM
100 ## - HEADING--PERSONAL NAME
- Personal name: Deitel, Paul. Deitel, Harvey
670 ## - SOURCE DATA FOUND
- Source citation: Work cat.: (IIITDM)5566: Deitel, Paul. Deitel, Harvey., Java How to Program: Early Objects, 2018.
